header

Talkin that talk (Record no. 64675)

MARC details
000 -LEADER
fixed length control field 01400nam a2200361Ia 4500
082 04 - DEWEY DECIMAL CLASSIFICATION NUMBER
Classification number 427/.973/08996073
100 1# - MAIN ENTRY--AUTHOR NAME
Personal name Smitherman, Geneva,
245 10 - TITLE STATEMENT
Title Talkin that talk
260 ## - PUBLICATION, DISTRIBUTION, ETC. (IMPRINT)
Place of publication London ;
-- New York :
Name of publisher Routledge,
Year of publication 2000.
300 ## - PHYSICAL DESCRIPTION
Number of Pages xvi, 457 p. :
Other physical details ill.
650 #0 - SUBJECT ADDED ENTRY--TOPICAL TERM
Topical Term African Americans
Topical Term African Americans
Topical Term African Americans
Topical Term Black English.
Topical Term Americanisms.
856 40 - ELECTRONIC LOCATION AND ACCESS
Uniform Resource Identifier http://site.ebrary.com/lib/rucke/Doc?id=10054564

No items available.

© 2026 Rongo University
Contact us: librarian | system librarian | Rongo university